Самоучитель по бухгалтерскому учету

Chi tiết về thư mục
Tác giả chính: Швецкая В. М. Вера Михайловна
Tác giả khác: Головко Н. А. Нина Александровна
Tóm tắt:Исключено из фонда НТБ ТПУ
Ngôn ngữ:Tiếng Nga
Được phát hành: Москва, Дашков и К, 2007
Định dạng: Sách
KOHA link:https://koha.lib.tpu.ru/cgi-bin/koha/opac-detail.pl?biblionumber=112322

MARC

LEADER 00000nam0a2200000 4500
001 112322
005 20231031121422.0
010 |a 5911310368 
035 |a (RuTPU)RU\TPU\book\121429 
090 |a 112322 
100 |a 20070326d2007 m y0rusy50 ca 
101 0 |a rus 
102 |a RU 
105 |a y j 001zy 
200 1 |a Самоучитель по бухгалтерскому учету  |f В. М. Швецкая, Н. А. Головко 
210 |a Москва  |c Дашков и К  |d 2007 
215 |a 512 с. 
320 |a Библиогр.: с. 503. 
333 |a Исключено из фонда НТБ ТПУ 
700 1 |a Швецкая  |b В. М.  |g Вера Михайловна 
701 1 |a Головко  |b Н. А.  |g Нина Александровна 
801 1 |a RU  |b 63413507  |c 20070326  |g PSBO 
801 2 |a RU  |b 63413507  |c 20210224  |g PSBO 
942 |c BK 
959 |a 29/20070323  |d 1  |e 165,00  |f ЧЗГЛ:1